000 00238 a2200097 4500
001 42701
100 _aMcClaughry
245 _aWar in Three Dimensions; a centennial approach
260 _aLondon
_bJonathan Cape
_c
090 _c26594
_d26594
942 _aNUST-CAE
_cM
_c18440
999 _c277774
_d277774